Eseme djeng Tatiek / (Record no. 88926)

MARC details
000 -LEADER
fixed length control field 00547cam a22002051a 4500
001 - CONTROL NUMBER
control field sa 68019498
003 - CONTROL NUMBER IDENTIFIER
control field DLC
005 - DATE AND TIME OF LATEST TRANSACTION
control field 20260227112718.0
008 - FIXED-LENGTH DATA ELEMENTS--GENERAL INFORMATION
fixed length control field 840126s1966 io 000 1 jav
010 ## - LIBRARY OF CONGRESS CONTROL NUMBER
LC control number sa 68019498
035 ## - SYSTEM CONTROL NUMBER
System control number (OCoLC)10342956
040 ## - CATALOGING SOURCE
Original cataloging agency DLC
Transcribing agency OAU
Modifying agency DLC
042 ## - AUTHENTICATION CODE
Authentication code premarc
050 00 - LIBRARY OF CONGRESS CALL NUMBER
Classification number PL5179.S94
Item number E8
100 0# - MAIN ENTRY--PERSONAL NAME
Personal name Surjani A. S.
245 10 - TITLE STATEMENT
Title Eseme djeng Tatiek /
Statement of responsibility, etc. karangane Surjani A.S. ; gambarane Jono S. Wijono.
250 ## - EDITION STATEMENT
Edition statement Tjap-tjapan 1.
260 ## - PUBLICATION, DISTRIBUTION, ETC.
Place of publication, distribution, etc. Sala :
Name of publisher, distributor, etc. Nasional,
Date of publication, distribution, etc. 1966.
300 ## - PHYSICAL DESCRIPTION
Extent 34 p. ;
Dimensions 14 cm.

No items available.

Powered by Koha